000 00369cam a2200145ua 4500
041 _aeng
_h
082 _a821
_bWEE/JO
100 _aWeekes, A R .
245 _aJohn Keats: The Odeas /
_cA R Weekes.
_hTextual Documents
260 _aNew York :
_bUniversities Tutorials Press Ltd. ,
_c1962.
300 _a104 ; .
504 _a
942 _cBK
999 _c11702
_d11702